000 00426nam a2200145 a 4500
001 000033598
005 20200930070357.0
008 110901s1907 dr 000 0 spa d
040 _aDO-SdBNP
_bspa
_cBNPHU
100 1 _aAbreu Licairac, Rafael
_954647
245 1 0 _aRecuerdos y notas de viaje /
_cRafael Abreu Licairac.
260 _aSanto Domingo :
_bImp. Flor del Ozama,
_c1907.
300 _a140 p. ;
_c21 cm.
049 _aBNPD
999 _c33089
_d33089